|
|
|
|
| LEADER |
00000cam a2200000 a 4500 |
| 001 |
1/108651 |
| 008 |
150915s1971####gr | ||| |||| ||gre|| |
| 040 |
|
|
|a GR-MyUa
|b gre
|c GR-MyUa
|e AACR2
|
| 041 |
0 |
|
|a gre
|
| 082 |
7 |
|
|a 889.2
|2 (23)
|
| 100 |
1 |
|
|a Τράγκας, Θάνος.
|
| 245 |
1 |
0 |
|a Ελεύθεροι σκλάβοι :
|b ηθογραφία σε τρείς πράξεις /
|c Θάνου Τράγκα.
|
| 260 |
|
|
|a Εν Αθήναις :
|b Ο.Ε.Δ.Β.,
|c 1971.
|
| 300 |
|
|
|a 46 σ. :
|c 21 εκ.
|
| 500 |
|
|
|a Ελλάς, 21 Απριλίου.
|
| 650 |
|
0 |
|a Greek drama.
|
| 852 |
|
|
|a INST
|b SAMOS
|c PORFYRIADA
|e 20150915
|h 889.2 ΤΡΑ
|p 005300042692
|q 005300042692
|t NOLOAN
|y 23
|
| 970 |
|
|
|a Σιτζίμη
|b Γιασεμή
|z 15/09/2015
|